000 00814nam a22002531 4500
001 1284
005 20250630100908.0
040 _aDLC
_cDLC
_dDLC
_beng
050 0 0 _aPZ7.C5792
_bRi
082 0 0 _a[Fic]
100 1 _aCleary, Beverly
245 1 0 _aRibsy.
_cIllustrated by Louis Darling.
250 _aFirst Avon Camelot Printing: August 1992
260 _aNew York,
_bMorrow,
_c1964.
300 _a192 pages :
_bIllustrations ;
_c20 cm
505 _aU
520 _aSeparated from his owner, Henry Huggins, in a shopping center parking lot, an ordinary city dog begins a string of bewildering adventures.
521 _a820
_bLexile
521 _aR
_bRaz-Plus
650 1 _aDogs
_xFiction.
700 1 _aDarling, Louis
906 _a7
_bcbc
_corignew
_d1
_eocip
_f19
_gy-gencatlg
942 _2ddc
_cBK
_n0
999 _c1284
_d1284